000 00810cam a22001814a 4500
005 20250605163343.0
008 250528s ||||||||||||||||||||||||d
035 _a17463
020 _a9608920311
040 _aGR-AtMCL
_bgre
_dGR-AtMCL
_eAACR2
245 1 _aRembrandt / ArtBook
260 _bElecta - Ημερησία,
_c2005
300 _a146
520 _a1606-1627 - Ένας Φιλόδοξος Καλλιτέχνης στο Λέιντεν, 1627-1632 - Η Αρχή μιας Ένδοξης Στυαδιοδρομίας, 1632-1642 Τα Χρυσά Χρόνια, 1632-1642 - Τα Χρυσά Χρόνια, 1642-1657 - Ο Κατήφορος πριν την Καταστροφή, 1658-1669 - Μόνος με το Έργο του, Ευρετήριο.
942 _cBK
999 _c2879
_d2879